000 00557cam a2200205 4500
001 D5650
008 090401t1984 xxu||||| |||| 00| 0 eng d
035 _a(Sirsi) u62535
041 _aeng
050 _a658
100 _aHolt, L.
245 _aSummary of leadership study
260 _aReading
_bUniversity of Reading Department of Cons
_c1984
300 _a14 leaves. 30cm
350 _a0
520 _aCover title. The study was funded by The Royal Institution of Chartered Surveyors
700 _aMabey, C.
942 _n0
948 _c04/03/1997
999 _c94435
_d94435